European Capitals by Picture 1. - Statistics

General Stats
  • This quiz has been taken 1,231 times
  • The average score is 11 of 15
Answer Stats
Picture Answer % Correct
Amsterdam
96%
Athens
94%
Rome
94%
London
91%
Moscow
91%
Madrid
89%
Budapest
86%
Vienna
79%
Monaco
75%
Sofia
67%
Vaduz
63%
Oslo
62%
Bern
59%
Warsaw
58%
Belgrade
48%
No matching quizzes found
Score Distribution
Percent of People with Each Score
Percentile by Number Answered
Your Score History
You have not taken this quiz